• 首页
  • 本馆介绍
  • 公告通知
  • 最新文献
  • 馆藏检索
  • 电子资源
  • 读者导购
  • 参考咨询
  • 我的图书馆
  • 登录
  • 详细信息显示
  • 放入我的书架
  • 预约/预借图书
  • 作者相关作品
  • 分类相关作品
  • 丛书相关作品
  • 出版社相关作品

书目信息

  • 表格格式
  • 工作单格式
  • 卡片格式
题名:
德语动词1000
    
 
作者: 周抗美 编著 , 陆慧敏 审校
分册:  
出版信息: 上海   同济大学出版社  2006.07
页数: 270页
开本: 20cm
丛书名:
单 册:
中图分类: H711.819
科图分类:
主题词: 印度语支
电子资源:
ISBN: 7-5608-3299-7
000 00752nam0 2200241 450
001 2254461869
005 20220929151117.27
010    @a7-5608-3299-7@dCNY23.80
100    @a20220929d2006 km y0chiy0120 ea
101 0  @achi
102    @aCN@b310000
102    @aCN@b310000
102    @aCN@b310000
200 1  @a德语动词1000@ADe Yu Dong Ci 1000@f周抗美 编著,陆慧敏 审校@FZhou Kang Mei Bian Zhu,Lu Hui Min Shen Xiao
210    @a上海@c同济大学出版社@d2006.07
210    @a上海@c同济大学出版社
215    @a270页@d20cm
606 0  @a印度语支
690    @aH711.819@v4
701  0 @a周抗美 编著@AZhou Kang Mei Bian Zhu@4审校
701  0 @a陆慧敏@ALu Hui Min@4审校
801  0 @aCN@b大连网信软件有限公司图书馆·11@c20220929
905    @aZUCC@dH711.819@eW39
    
    德语动词1000/周抗美 编著,陆慧敏 审校.-上海:同济大学出版社,2006.07.-上海:同济大学出版社
    270页;20cm
    
    
    ISBN 7-5608-3299-7:CNY23.80
    
●
相关链接 在E读中查询图书 在五车中查询图书 在当当中查询图书 在豆瓣中查询图书


正题名:德语动词1000     索取号:H711.819/W39         预约/预借

序号 登录号 条形码 馆藏地/架位号 状态 备注
1 0711819   207118199   密集书库-文学院/ [索取号:H711.819/W39] 在馆    
唐山师范学院图书馆 欢迎您!
大连网信软件有限公司© 版权所有